| 000 | 01371 a2200277 4500 | ||
|---|---|---|---|
| 003 | Nust | ||
| 005 | 20220815125825.0 | ||
| 010 | _a 00022981 | ||
| 020 | _a0071164057 | ||
| 040 | _cNust | ||
| 082 | 0 | 0 | _a005.133,HUB |
| 100 | 1 |
_aHubbard, J. R. _997182 |
|
| 245 | 1 | 0 |
_aSchaum's outline of theory and problems of data structures with C++ / _cJohn R. Hubbard. |
| 246 | 3 | 0 | _aTheory and problems of data structures with C++ |
| 260 |
_aNew York : _bMcGraw-Hill, _cc2000. |
||
| 300 |
_aviii, 356p. : _bill. ; _c28 cm. |
||
| 490 | 0 | _aSchaum's outline series | |
| 505 | _aIntroduction to Computing (Page-1), C++ Fundamentals (Page-24), Control Structures (Page-43), Functions (Page-67), Array (Page-88), Strings and Files (Page-109), Abstract Data Types (Page-137), Pointers (Page-178), Lists (Page-195), Standard Container Classes (Page-226), Recursion (Page-254), Trees (Page-276), Sorting (Page-303), Searching (Page-319), | ||
| 538 | _aAlmirah No.5 Shelf No.6 | ||
| 650 | 0 | _aC++ (Computer program language) | |
| 650 | 0 | _aData structures (Computer science) | |
| 856 | 4 | 2 |
_3Contributor biographical information _uhttp://www.loc.gov/catdir/bios/mh041/00022981.html |
| 856 | 4 | 2 |
_3Publisher description _uhttp://www.loc.gov/catdir/description/mh021/00022981.html |
| 856 | 4 | 2 |
_3Table of contents _uhttp://www.loc.gov/catdir/toc/mh021/00022981.html |
| 942 |
_2ddc _cBK |
||
| 999 |
_c179329 _d179329 |
||